=LDR 00000nam 2200000 4500 =001 INLIS000000000014496 =005 20200421082222 =035 ##$$a 0010-061300000014496 =008 200421################g##########0#ind## =041 ##$$a Ind =082 ##$$a 297.35 =090 ##$$a 2X3.53, Fau, f =100 1#$$a Fauzi, Ikhwan =245 1#$$a Fenomena Kiamat, /$c Ikhwan Fauzi, Lc. =260 ##$:$b Amzah,$c 2002 =300 ##$$a x, 120 hlm, : $b Ilus. ; $c 12 x 19 cm =650 #4$$a Kiamat =850 ##$$a NBPNMAT =020 ##$$a 979-9392-11-X =084 ##$$a 297.35 FAU f =250 ##$$a cet.1 =990 ##$$a 30500271 =990 ##$$a 30500272 =990 ##$$a 30500273 =990 ##$$a 30500274 =990 ##$$a 20901213 =990 ##$$a 20901214 =990 ##$$a 20901215 =990 ##$$a 20404381 =990 ##$$a 20404382